Statistics for Type to 50 in 15 Seconds

Click here to take the quiz!

General Stats

  • This quiz has been taken 911 times
  • The average score is 25 of 50

Answer Stats

Answer% Correct
1
100%
2
99%
3
98%
4
97%
5
97%
6
95%
7
94%
8
94%
9
94%
10
90%
11
90%
12
85%
13
84%
14
82%
15
81%
16
81%
17
78%
18
77%
19
74%
20
66%
21
61%
22
57%
23
54%
24
52%
25
50%
26
47%
27
44%
28
44%
29
44%
30
38%
31
36%
32
33%
33
30%
34
23%
35
23%
36
22%
37
20%
38
19%
39
18%
40
14%
41
13%
42
10%
43
8%
44
8%
45
5%
46
5%
47
3%
48
3%
49
2%
50
2%

Score Distribution

Percentile by Number Answered

Percent of People with Each Score

Your Score History

You have not taken this quiz